00820nam a22002057a 4500003000500000005001700005008004100022010001100063011001100074035001100085040000900096100003200105245017200137260004000309500006000349502010400409650001600513650002100529856006400550CHAP20220329143926.0310812s2012 mx r 00010 spa d a103819 a104791 a115481 cCHAP1 aVillalobos Cavazos, Oswaldo10aDel lacandón a la selva lacandona :h[En línea]bla construcción de una región a través de sus representaciones y narrativasc/por Oswaldo Villalobos Cavazos aChapingo, Méx. :bEl autor,c2012 aPara ver el contenido del material haga clic en la liga aTesis (M.C. en Desarrollo Rural regional) -- UACH. Dirección de Centros Regionales Universitarios14aLacandones.14aSelva Lacandona. 3Finding aiduhttp://10.13.5.2/tesis/115481.pdfzTeclea aqui